000 01200nam a2200253 a 4500
001 000046720
005 20201002053054.0
008 180320s2014 dr a r 000 0 spa d
020 _a9789945896336
040 _aDO-SdBNP
_bspa
_cBNPHU
082 _axxxx
_bG643m
100 1 _aGonzález, Nurys del Carmen
_929759
245 1 0 _aMódulo 2. Taller 5. Algoritmo de la multiplicación /
_cNurys del Carmen González.
260 _aSanto Domingo :
_bMINERD ;
_bOEI,
_c2014.
300 _a28 p. :
_bil. ;
_c28 cm.
490 1 _aDesarrollo profesional docente, enseñanza de la lengua española
500 _aPolítica de apoyo a los aprendizajes de los primeros grados de nivel básico en lectura, escritura y matemática.
500 _aRegional educativa 05 San Pedro de Macorís, 12 Higüey, y 17 Monte Plata
500 _aA la cabeza del título: Desarrollo Profesional Docente. Capacitación de Docentes para la Enseñanza de la Matemática
590 _aInventariado, 2018/BT
710 1 _aRepública Dominicana
_bMinisterio de Educación
_943100
700 1 2 _aOrganización de Estados Iberoamericanos
_974658
830 0 _aDesarrollo profesional docente, enseñanza de la lengua española
_974659
999 _c46209
_d46209